Science Quiz

Random Science or Clickable Quiz

Mineral End Members II Quiz Stats

 Plays Quiz not verified by Sporcle

Challenge
Share
Tweet
Embed
Score 0/29 Timer 15:00
0 Plays Today
% Correct
CaTiSiO5
82.2%
Al2SiO5
80%
Fe2SiO4
75.6%
Be3Al2Si6O18
73.3%
☐Ca2Fe5Si8O22(OH)2
71.1%
Fe2Al9Si3.75O22(OH)2
71.1%
NaCa2Mg5Si7AlO22(OH)2
68.9%
Mg2SiO4
68.9%
☐Ca2Mg3Al2Si6Al2O22(OH)2
66.7%
☐Na2Mg3Al2Si8O22(OH)2
64.4%
Fe2Al4Si2O10(OH)4
64.4%
☐Ca2Mg5Si8O22(OH)2
62.2%
NaCa2Mg4AlSi6Al2O22(OH)2
62.2%
☐Na2Fe3Fe3+2Si8O22(OH)2
62.2%
NaFe3Al6Si6 (BO3)3O18
62.2%
% Correct
Na(NaCa)Mg5Si8O22(OH)2
60%
Mg2Al4Si5O18
60%
CaAl2Si2O7(OH)2⋅H2O
60%
(CeCa)Al2Fe2+Si3O12(OH)
60%
Fe3Al2Si3O12
57.8%
Mg4Si4O12 or Mg3(MgSi)Si3O12
55.6%
NaMg3Al6Si6 (BO3)3O18
53.3%
Mn3Al2Si3O12
53.3%
Ca3Cr2Si3O12
53.3%
Ca2Al3Si3O12(OH)
51.1%
Ca3Al2Si2O8(OH)4
51.1%
Mg3Al2Si3O12
48.9%
Ca3Al2Si3O12
48.9%
Ca3Fe3+2Si3O12
48.9%

You're not logged in!

Compare scores with friends on all Sporcle quizzes.
Join for Free
OR
Log In

You Might Also Like...

Show Comments

Extras

Top Quizzes Today


Score Distribution

Your Account Isn't Verified!

In order to create a playlist on Sporcle, you need to verify the email address you used during registration. Go to your Sporcle Settings to finish the process.

Report this User

Report this user for behavior that violates our Community Guidelines.

Details: